Detalles MARC
| 000 -CABECERA |
| campo de control de longitud fija |
01333nam a22002417a 4500 |
| 003 - IDENTIFICADOR DEL NÚMERO DE CONTROL |
| campo de control |
DO-SdBNP |
| 005 - FECHA Y HORA DE LA ÚLTIMA TRANSACCIÓN |
| campo de control |
20211122100828.0 |
| 007 - CAMPO FIJO DE DESCRIPCIÓN FÍSICA--INFORMACIÓN GENERAL |
| campo de control de longitud fija |
ta |
| 008 - DATOS DE LONGITUD FIJA--INFORMACIÓN GENERAL |
| campo de control de longitud fija |
210706b 2018 dr 00| 0 eng d |
| 020 ## - NÚMERO INTERNACIONAL ESTÁNDAR DEL LIBRO |
| Número Internacional Estándar del Libro |
9789945609820 |
| 040 ## - FUENTE DE LA CATALOGACIÓN |
| Centro catalogador/agencia de origen |
DO-SdBNP |
| Lengua de catalogación |
spa |
| Centro/agencia transcriptor |
BNPHU |
| 082 #4 - NÚMERO DE LA CLASIFICACIÓN DECIMAL DEWEY |
| Número de documento/Ítem |
I43y |
| 100 1# - ENTRADA PRINCIPAL--NOMBRE DE PERSONA |
| Nombre de persona |
Infante, Martha, |
| Fechas asociadas al nombre |
1968- |
| 9 (RLIN) |
79110 |
| 245 10 - MENCIÓN DE TÍTULO |
| Título |
Yo soy del Ocho, ¿y qué? / |
| Mención de responsabilidad, etc. |
Martha María Infante Payano. |
| 260 ## - PUBLICACIÓN, DISTRIBUCIÓN, ETC. |
| Lugar de publicación, distribución, etc. |
Santo Domingo : |
| Nombre del editor, distribuidor, etc. |
Santuario, |
| Fecha de publicación, distribución, etc. |
2018. |
| 300 ## - DESCRIPCIÓN FÍSICA |
| Extensión |
133 p. : |
| Dimensiones |
23 cm. |
| 500 ## - NOTA GENERAL |
| Nota general |
Incluye datos biográficos de la autora en la solapa de la cubierta. |
| 505 0# - NOTA DE CONTENIDO CON FORMATO |
| Nota de contenido con formato |
Yo soy del ocho, ¿ Y qué? |
| Título |
Maribel en la maternidad -- |
| -- |
Cristiano de papel -- |
| -- |
El lápiz -- |
| -- |
El plantón triple -- |
| -- |
La bruja blasina -- |
| -- |
El antojo -- |
| -- |
Mediocridad -- |
| -- |
Léxico refinado -- |
| -- |
El boche -- |
| -- |
Sueño simultáneo -- |
| -- |
El regalo -- |
| -- |
Tabaré -- |
| -- |
El diablito. |
| 505 0# - NOTA DE CONTENIDO CON FORMATO |
| Nota de contenido con formato |
El hombre que no conocía el amor -- |
| Título |
Reina de las citas a ciegas -- |
| -- |
El campamento-- |
| -- |
Mi corazón también sabe alemán -- |
| -- |
Neckley -- |
| -- |
Doña Carmen y su marido -- |
| -- |
Acoso -- |
| -- |
El cuaderno Petete -- |
| -- |
Yo soy el Ocho -- |
| -- |
El calentamiento global -- |
| -- |
La multa -- |
| -- |
Las lunas de mi madre -- |
| -- |
Ella me salvó -- |
| -- |
La amonestación -- |
| -- |
Las criadas -- |
| -- |
La vendedora de cosméticos -- |
| -- |
Son más de 500. |
| 590 ## - NOTA LOCAL (RLIN) |
| Nota local |
Inventariado, 2021 /LP<br/><br/> |
| 910 ## - DATOS DE OPCIÓN DEL USUARIO (OCLC) |
| Datos de opción del usuario |
Mfeliz |
| 942 ## - ELEMENTOS DE PUNTO DE ACCESO ADICIONAL (KOHA) |
| Fuente del sistema de clasificación o colocación |
Dewey Decimal Classification |
| Tipo de ítem Koha |
Libro |